00275 a2200109 450000100060000008200140000610000290002024500490004926000390009830000100013750000180014790304 a297.5 JAL aJalil Ahsan Nadvi Molana aRaah e AmalcMolaana Jalil Ahsan NadvihUrdu aLahorebIslamic Publicationsc2011 a335p. aGeneral Books